| 000 | nam a22 a 4500 | ||
|---|---|---|---|
| 999 |
_c1679 _d1679 |
||
| 003 | AKMAL | ||
| 005 | 20170511123204.0 | ||
| 008 | 170511s1992 my 00 eng d | ||
| 020 |
_a9679784118 (pbk.): _cRM29.00 |
||
| 040 |
_aAKMAL _cAKMAL |
||
| 049 | 0 | 0 | _aklpmal |
| 082 | 0 | 4 | _a332.742 PAN |
| 090 | 0 | 0 |
_a332.742 _bPAN |
| 090 | 0 | 0 |
_a332.742 _bPAN |
| 100 | 1 |
_aPang, Johnson Yok _93442 |
|
| 245 | 1 | 0 |
_aDocumentary credits (Letters of credits) & collections for the export and import trade / _cJohnson Pang. |
| 260 |
_aPetaling Jaya : _bPelanduk Pub., _c1992 |
||
| 300 | 0 | 0 |
_a234p. ; _c21cm. |
| 650 | 0 |
_aDocumentary credit _93443 |
|
| 650 | 0 |
_aLetters of credit _93444 |
|
| 650 | 0 |
_aNegotiable instruments _93445 |
|
| 942 |
_2ddc _cBOOK |
||